Tekken 7 Characters - Statistics

General Stats
  • This quiz has been taken 193 times
    108 since last reset
  • The average score is 38 of 59
Answer Stats
Hint Answer % Correct
Default Characters Jin Kazama
97%
Story Exclusives Devil Kazuya
91%
Default Characters Heihachi Mishima
91%
Default Characters Kazuya Mishima
91%
Default Characters Kazumi Hachijo
86%
Default Characters Devil Jin
84%
Fated Retribution Nina Williams
84%
Round 2 Anna Williams
83%
Fated Retribution Panda
83%
Default Characters Paul Phoenix
83%
Fated Retribution Akuma
81%
Default Characters Jack-7
81%
Default Characters King II
81%
Default Characters Asuka Kazama
80%
Default Characters Marshall Law
80%
Default Characters Xiaoyu Ling
80%
Fated Retribution Master Raven
78%
Default Characters Alisa Bosconovitch
77%
Fated Retribution Eddy Gordo
77%
Fated Retribution Kuma II
77%
Round 2 Armor King II
75%
Default Characters Emilie "Lili" De Rochefort
75%
Default Characters Steve Fox
73%
Default Characters Yoshimitsu
73%
Default Characters Bryan Fury
72%
Fated Retribution Chaolan Lee
70%
Default Characters Lars Alexandersson
70%
Default Characters Lucky Chloe
70%
Round 2 Wulong Lei
70%
Round 4 Kunimitsu II
69%
Round 2 Negan Smith
69%
Default Characters Hwoarang
67%
Round 2 Julia Chang
66%
Fated Retribution Robert "Bob" Richards
66%
Default Characters Claudio Serafino
64%
Round 2 Craig Marduk
64%
Default Characters Eleonor "Leo" Kliesen
64%
Default Characters Katarina Alves
64%
Default Characters Wei Feng
64%
Default Characters Gigas
63%
Round 1 Noctis Lucis Caelum
63%
Round 1 Geese Howard
61%
Bonus Eliza
59%
Round 4 Lidia Sobieska
59%
Fated Retribution Miguel Caballero Rojo
59%
Round 3 Zafina
59%
Round 3 Ganryu
58%
Default Characters Josie Rizal
56%
Default Characters Sergei Dragunov
56%
Round 3 Fahkumram
53%
Default Characters Shaheen
53%
Round 3 Leroy Smith
47%
Final Boss Devil Kazumi
36%
Fated Retribution Violet
28%
Story Exclusives Jack-6
19%
Story Exclusives Jack-4
16%
Story Exclusives Ascended Heihachi
9%
Story Exclusives Young Heihachi
9%
Story Exclusives Young Kazuya
9%
No matching quizzes found
Score Distribution
Percent of People with Each Score
Percentile by Number Answered
Your Score History
You have not taken this quiz since the last reset